Normal view
MARC view
- Philippines
Entry Geographic Name
001 - CONTROL NUMBER
- control field: 2775
003 - CONTROL NUMBER IDENTIFIER
- control field: URS
005 - DATE AND TIME OF LATEST TRANSACTION
- control field: 20221025160225.0
008 - FIXED-LENGTH DATA ELEMENTS
- fixed length control field: 221025|| aca||aabn | a|a d
040 ## - CATALOGING SOURCE
- Original cataloging agency: URS
151 ## - HEADING--GEOGRAPHIC NAME
- Geographic name: Philippines
- General subdivision: Immigrants
- General subdivision: Biography